000 00458nam a2200133Ia 4500
008 100328s9999 xx 000 0 und d
082 _b28289
100 _aयादवाडकर प्रकाश
245 _aपती,पत्नी आणि पत्नी
260 _bमनमोहिनी
630 _aपती,पत्नी आणि पत्नी
730 _aपती,पत्नी आणि पत्नी
942 _cBOOK
999 _c519789
_d519786